Vector Calculus (Record no. 1241)

MARC details
000 -LEADER
fixed length control field 01090cam a2200301 a 4500
001 - CONTROL NUMBER
control field 13199296
003 - CONTROL NUMBER IDENTIFIER
control field OSt
005 - DATE AND TIME OF LATEST TRANSACTION
control field 20230310120940.0
008 - FIXED-LENGTH DATA ELEMENTS--GENERAL INFORMATION
fixed length control field 030515s2003 nyua b 001 0 eng
010 ## - LIBRARY OF CONGRESS CONTROL NUMBER
LC control number 2003049184
020 ## - INTERNATIONAL STANDARD BOOK NUMBER
International Standard Book Number 0716749920
040 ## - CATALOGING SOURCE
Original cataloging agency DLC
Transcribing agency DLC
Modifying agency DLC
050 00 - LIBRARY OF CONGRESS CALL NUMBER
Classification number QA303
Item number .M338 2003
082 00 - DEWEY DECIMAL CLASSIFICATION NUMBER
Classification number 515.65 MAR 2003
Edition number 21
100 1# - MAIN ENTRY--PERSONAL NAME
Personal name Marsden, Jerrold E.; Tromba, Anthony.
9 (RLIN) 3327
245 10 - TITLE STATEMENT
Title Vector Calculus
250 ## - EDITION STATEMENT
Edition statement 5th ed.
260 ## - PUBLICATION, DISTRIBUTION, ETC. (IMPRINT)
Place of publication, distribution, etc. New York :
Name of publisher, distributor, etc. W.H. Freeman,
Date of publication, distribution, etc. 2003.
300 ## - PHYSICAL DESCRIPTION
Extent xxvii, 676 p. :
Other physical details ill. ;
Dimensions 24 cm.
504 ## - BIBLIOGRAPHY, ETC. NOTE
Bibliography, etc Includes bibliographical references and index.
650 #0 - SUBJECT ADDED ENTRY--TOPICAL TERM
Topical term or geographic name as entry element Calculus.
9 (RLIN) 764
650 #0 - SUBJECT ADDED ENTRY--TOPICAL TERM
Topical term or geographic name as entry element Vector analysis.
9 (RLIN) 717
856 42 - ELECTRONIC LOCATION AND ACCESS
Materials specified Publisher description
Uniform Resource Identifier http://www.loc.gov/catdir/enhancements/fy0906/2003049184-d.html
856 41 - ELECTRONIC LOCATION AND ACCESS
Materials specified Table of contents only
Uniform Resource Identifier http://www.loc.gov/catdir/enhancements/fy0906/2003049184-t.html
906 ## - LOCAL DATA ELEMENT F, LDF (RLIN)
a 7
b cbc
c orignew
d 1
e ocip
f 20
g y-gencatlg
942 ## - ADDED ENTRY ELEMENTS (KOHA)
Source of classification or shelving scheme Dewey Decimal Classification
Koha item type Short Loan
Holdings
Withdrawn status Lost status Source of classification or shelving scheme Damaged status Not for loan Home library Current library Date acquired Source of acquisition Inventory number Total Checkouts Full call number Barcode Date last seen Koha item type Price effective from
    Dewey Decimal Classification     MUST Main Library MUST Main Library 25/03/2015 Purchase 06/26814   515.65 MAR 2003 2015-0628 25/03/2015 Short Loan  
    Dewey Decimal Classification     MUST Main Library MUST Main Library 25/03/2015 Purchase 04/22656   515.63 MAR 2003 2015-0629 25/03/2015 Open Shelf  
    Dewey Decimal Classification     MUST Main Library MUST Main Library 25/03/2015 Purchase 06/26815   515.65 MAR 2003 2015-0630 25/03/2015 Short Loan  
    Dewey Decimal Classification     MUST Main Library MUST Main Library 10/03/2023 Purchase 04/22655   515.65 MAR 2003 2023-0307 10/03/2023 Open Shelf  
    Dewey Decimal Classification     MUST Main Library MUST Main Library 21/06/2024 Purchase 08/30904   515.65 MAR 2003 2024-21010 21/06/2024 Open Shelf 21/06/2024
    Dewey Decimal Classification     Main Kihumuro Campus Main Kihumuro Campus 08/12/2023 Purchase 06/26816   515.65 MAR 2003 2023-0716 08/12/2023 Open Shelf